Spain (Record no. 187854)

MARC details
000 -LEADER
campo de control de longitud fija 00880nam a2200193 i 4500
001 - NÚMERO DE CONTROL
campo de control 187854
003 - IDENTIFICADOR DE NÚMERO DE CONTROL
campo de control ES-MaACL
005 - FECHA Y HORA DE LA ÚLTIMA TRANSACCIÓN
campo de control 20250901234559.0
008 - DATOS DE LONGITUD FIJA--INFORMACIÓN GENERAL
campo de control de longitud fija 180316s1898 xxk |||| | eng d
110 0# - ENTRADA PRINCIPAL--NOMBRE DE ENTIDAD CORPORATIVA
Nombre de entidad corporativa o nombre de jurisdicción como elemento de entrada Gran Bretaña.
Unidad subordinada Foreign Office.
9 (RLIN) 4480
245 10 - MENCIÓN DEL TÍTULO
Título Spain
Resto del título : report for the year 1897 on the trade and commerce the Philippine islands : reference to previous report, annual series nº 1932 /
Mención de responsabilidad, etc. presented to both Houses of Parliament by command of Her Majesty, june 1898.
260 ## - PUBLICACIÓN, DISTRIBUCIÓN, ETC.
Lugar de publicación, distribución, etc. London :
Nombre del editor, distribuidor, etc. Foreing Office,
Fecha de publicación, distribución, etc. 1898.
300 ## - DESCRIPCIÓN FÍSICA
Extensión 14 p., 2 h. pleg. ;
Dimensiones 25 cm.
490 1# - MENCIÓN DE SERIE
Mención de serie Diplomatic and consular reports. Annual series ;
Designación de volumen o secuencia 2133
651 #7 - PUNTO DE ACCESO ADICIONAL DE MATERIA--NOMBRE GEOGRÁFICO
Nombre geográfico Filipinas-
Subdivisión general Comercio exterior
Fuente del encabezamiento o término
9 (RLIN) 164396
830 0# - PUNTO DE ACCESO ADICIONAL DE SERIE-TÍTULO UNIFORME
Título uniforme Diplomatic and consular reports. Annual series ;
Designación de volumen o secuencia 2133
9 (RLIN) 192842
852 ## - LOCALIZACIÓN
Ubicación ES-MaACL
Número de control de estantería T-951-F-12
Nota libre .- Legado de González del Campillo
Holdings
Estatus retirado Estado de pérdida Estado de daño No para préstamo Colección Biblioteca de origen Biblioteca actual Ubicación en estantería Fecha de adquisición Fuente de adquisición Total de préstamos Signatura topográfica completa Código de barras Visto por última vez Precio de reemplazo Tipo de ítem Koha
        Colección de folletos Biblioteca del Ateneo de Madrid Biblioteca del Ateneo de Madrid Depósito folletos 16/03/2018     T-951-F-12 1198502 23/02/2023 23/02/2023 Folleto